000 00321nam a2200133Ia 4500
008 220217s9999||||xx |||||||||||||| ||und||
020 _a81-7808-129-6
082 _a004.67 BOX
100 _aBox, Don
245 0 _aEssential COM
260 _aPearson education asia
_bDelhi
_c2002
300 _b440
650 _aWWW
999 _c172089
_d172089